Fitness cycling

Bibliographic Details
Main Authors: Carmichael, Chris (Author), Burke, Edmund R. (Author)
Format: Book
Language:English
Published: Champaign, Il : Human Kinetics Publishers, Inc. 1994
Series:Fitness spectrum series
Subjects:

MARC

LEADER 00000cam a2200000 7i4500
001 0000011663
005 20241017.0
008 030823 ilua eng
020 |a 0873224604 
040 |a INS   |b eng   |e rda 
090 0 0 |a GV1041   |b .C37 1994 
100 1 |a Carmichael, Chris ,   |e author 
245 1 0 |a Fitness cycling   |c Chris Carmichael, Edmund R. Burke 
264 1 |a Champaign, Il :   |b Human Kinetics Publishers, Inc.   |c 1994 
264 4 |c ©1994 
300 |a v, 167 pages :   |b colour illustrations ;   |c 23 cm. 
336 |a text  |2 rdacontent 
337 |a unmediated  |2 rdamedia 
338 |a volume  |2 rdacarrier 
490 0 |a Fitness spectrum series 
500 |a Includes index 
650 0 |a Cycling   |x Physical fitness 
700 1 |a Burke, Edmund R. ,   |e author 
999 |a 0000011699   |b BOOK   |c Open Shelf   |e Default branch